<?xml version="1.0" encoding="UTF-8"?>
<record
    xmlns:xsi="http://www.w3.org/2001/XMLSchema-instance"
    xsi:schemaLocation="http://www.loc.gov/MARC21/slim http://www.loc.gov/standards/marcxml/schema/MARC21slim.xsd"
    xmlns="http://www.loc.gov/MARC21/slim">

  <leader>02463nmm a2200313 a 4500</leader>
  <controlfield tag="001">045188</controlfield>
  <controlfield tag="003">UAHC_CL</controlfield>
  <controlfield tag="005">20260410105103.0</controlfield>
  <controlfield tag="008">260410s2024    cl      o  d  000   spa  </controlfield>
  <datafield tag="040" ind1=" " ind2=" ">
    <subfield code="a">UAHC_CL</subfield>
    <subfield code="c">UAHC_CL</subfield>
    <subfield code="d">UAHC_CL</subfield>
  </datafield>
  <datafield tag="100" ind1=" " ind2=" ">
    <subfield code="a">Lira Goldenberg, Mar&#xED;a Jos&#xE9;</subfield>
    <subfield code="9">23253</subfield>
  </datafield>
  <datafield tag="245" ind1="1" ind2="3">
    <subfield code="a">La pr&#xE1;ctica de un oficio como forma de resistencia :  </subfield>
    <subfield code="b">la cester&#xED;a en quilineja de Chilo&#xE9;</subfield>
    <subfield code="c">Mar&#xED;a Jos&#xE9; Lira Goldenberg ; profesora gu&#xED;a Milena Gallardo Villegas.</subfield>
  </datafield>
  <datafield tag="264" ind1=" " ind2=" ">
    <subfield code="a">Santiago, Chile :</subfield>
    <subfield code="b">Universidad Academia de Humanismo Cristiano,</subfield>
    <subfield code="c">2024.</subfield>
  </datafield>
  <datafield tag="300" ind1=" " ind2=" ">
    <subfield code="a">109 p&#xE1;ginas.</subfield>
  </datafield>
  <datafield tag="500" ind1=" " ind2=" ">
    <subfield code="a">Tesis para optar al Grado de Mag&#xED;ster en Arte Popular Latinoamericano.</subfield>
  </datafield>
  <datafield tag="502" ind1=" " ind2=" ">
    <subfield code="a">Tesis (Mag&#xED;ster en Arte Popular y Latinoamericano)--Universidad Academia de Humanismo Cristiano, 2024.</subfield>
  </datafield>
  <datafield tag="516" ind1=" " ind2=" ">
    <subfield code="a">Tesis electr&#xF3;nica (PDF). Solicitar env&#xED;o de documento a biblioteca@academia.cl.</subfield>
  </datafield>
  <datafield tag="520" ind1=" " ind2=" ">
    <subfield code="a">En un mundo dominado por el modelo econ&#xF3;mico capitalista, los oficios artesanales como la cester&#xED;a representan mucho m&#xE1;s que simples pr&#xE1;cticas productivas: son actos de resistencia cultural, pol&#xED;tica y social. La quilineja, en particular, cobra vida entre las manos de quienes tejen; su flexibilidad, resistencia y carga hist&#xF3;rica conectan tradiciones ancestrales con un discurso cr&#xED;tico hacia las din&#xE1;micas de producci&#xF3;n industrial. Este tejido artesanal, moldeado con t&#xE9;cnicas heredadas, no solo constituye un patrimonio inmaterial, sino tambi&#xE9;n un veh&#xED;culo de identidad y memoria, capaz de cuestionar las l&#xF3;gicas del capitalismo y proponer una alternativa de conexi&#xF3;n con la naturaleza y la comunidad, como otra forma de vida posible. Esta investigaci&#xF3;n analiza el valor simb&#xF3;lico, material y sociopol&#xED;tico de la cester&#xED;a en quilineja, explorando su potencial como pr&#xE1;ctica de resistencia cultural frente al sistema econ&#xF3;mico actual. A trav&#xE9;s de esta t&#xE9;cnica artesanal, se busca reflexionar sobre c&#xF3;mo preserva tradiciones ancestrales al tiempo que ofrece un discurso cr&#xED;tico y una herramienta cultural que dialoga con los desaf&#xED;os contempor&#xE1;neos.</subfield>
  </datafield>
  <datafield tag="650" ind1=" " ind2="0">
    <subfield code="a">Artesan&#xED;a natural</subfield>
    <subfield code="9">8820</subfield>
  </datafield>
  <datafield tag="650" ind1=" " ind2="0">
    <subfield code="a">Patrimonio cultural inmaterial</subfield>
    <subfield code="9">23255</subfield>
  </datafield>
  <datafield tag="653" ind1=" " ind2=" ">
    <subfield code="a">Artes tradicionales</subfield>
  </datafield>
  <datafield tag="653" ind1=" " ind2=" ">
    <subfield code="a">Resistencia cultural</subfield>
  </datafield>
  <datafield tag="653" ind1=" " ind2=" ">
    <subfield code="a">Cester&#xED;a en quilineja</subfield>
  </datafield>
  <datafield tag="653" ind1=" " ind2=" ">
    <subfield code="a">Tejido artesanal</subfield>
  </datafield>
  <datafield tag="653" ind1=" " ind2=" ">
    <subfield code="a">Saberes tradicionales</subfield>
  </datafield>
  <datafield tag="700" ind1=" " ind2=" ">
    <subfield code="a">Gallardo Villegas, Milena</subfield>
    <subfield code="9">6208</subfield>
    <subfield code="e">profesora gu&#xED;a</subfield>
  </datafield>
  <datafield tag="900" ind1=" " ind2=" ">
    <subfield code="a">TMAPL 12</subfield>
  </datafield>
  <datafield tag="942" ind1=" " ind2=" ">
    <subfield code="c">TS</subfield>
    <subfield code="2">ddc</subfield>
  </datafield>
  <datafield tag="999" ind1=" " ind2=" ">
    <subfield code="c">63580</subfield>
    <subfield code="d">63580</subfield>
  </datafield>
  <datafield tag="952" ind1=" " ind2=" ">
    <subfield code="0">0</subfield>
    <subfield code="1">0</subfield>
    <subfield code="4">0</subfield>
    <subfield code="7">0</subfield>
    <subfield code="8">COMP</subfield>
    <subfield code="B">MAPL</subfield>
    <subfield code="a">BC</subfield>
    <subfield code="b">BC</subfield>
    <subfield code="c">Digital</subfield>
    <subfield code="d">2026-04-10</subfield>
    <subfield code="l">0</subfield>
    <subfield code="o">TMAPL 12</subfield>
    <subfield code="r">2026-04-10 10:51:32</subfield>
    <subfield code="w">2026-04-10</subfield>
    <subfield code="y">TS</subfield>
    <subfield code="z">Documento en PDF</subfield>
  </datafield>
</record>
